Nuevo Testamento (Record no. 8344)

MARC details
000 -LEADER
campo de control de longitud fija 00533ntaaa2200181 4500
003 - IDENTIFICADOR DE NÚMERO DE CONTROL
campo de control 01
005 - FECHA Y HORA DE LA ÚLTIMA TRANSACCIÓN
campo de control 20251027201400.0
008 - DATOS DE LONGITUD FIJA--INFORMACIÓN GENERAL
campo de control de longitud fija 0714s1973 ag 01
040 ## - FUENTE DE CATALOGACIÓN
Centro catalogador/agencia de origen AR-BaBN
Lengua de catalogación spa
Centro/agencia transcriptor AR-BaBN
Normas de descripción aacr
Centro/agencia modificador RIC
082 ## - NÚMERO DE LA CLASIFICACIÓN DECIMAL DEWEY
Número de clasificación 225.5980 So1
245 ## - MENCIÓN DEL TÍTULO
Título Nuevo Testamento
250 ## - MENCION DE EDICION
Mención de edición 1 ed. :
Resto de la mención de edición Sociedades Bíblicas,
-- 1962
300 ## - DESCRIPCIÓN FÍSICA
Extensión 621 p.
500 ## - NOTA GENERAL
Nota general Traducido del idioma de los Matacos. Contiene vocabulario de Castellano-Mataco.
650 ## - PUNTO DE ACCESO ADICIONAL DE MATERIA--TÉRMINO DE MATERIA
Término de materia o nombre geográfico como elemento de entrada Biblia-Nuevo Testamento en idioma Mataco
9 (RLIN) 12289
650 ## - PUNTO DE ACCESO ADICIONAL DE MATERIA--TÉRMINO DE MATERIA
Término de materia o nombre geográfico como elemento de entrada Mataco-N.T.
9 (RLIN) 12290
942 ## - ELEMENTOS DE ENTRADA SECUNDARIOS (KOHA)
Tipo de ítem Koha Colección General
Holdings
Estatus retirado Estado de pérdida Estado de daño No para préstamo Biblioteca de origen Biblioteca actual Fecha de adquisición Número de inventario Total de préstamos Signatura topográfica completa Código de barras Visto por última vez Precio de reemplazo Tipo de ítem Koha
        Biblioteca Pluis Biblioteca Pluis 27/10/2025 16986   225.5980 So1 16986 27/10/2025 27/10/2025 Colección General